[Event "23. Copenhagen Open  (Politiken Cup)"]
[Site "Copenhagen"]
[Date "2001.07.18"]
[Round "3"]
[White "Laustsen, Lars"]
[Black "Nielsen, Morten"]
[Result "1-0"]
[WhiteElo "1955"]
[BlackElo "2085"]
[PlyCount "65"]
[EventDate "2001.07.16"]
[EventType "swiss"]
[EventRounds "11"]
[EventCountry "DEN"]
[SourceDate "2004.01.01"]

1. c4 Nf6 2. g3 g6 3. Bg2 Bg7 4. Nc3 O-O 5. e4 d6 6. Nge2 Nc6 7. O-O a6 8. Rb1
Rb8 9. b4 b5 10. d4 e5 11. d5 Ne7 12. c5 c6 13. dxc6 Nxc6 14. cxd6 Qd7 15. Nd5
Qxd6 16. Be3 Rd8 17. Bb6 Rd7 18. Bh3 Rdb7 19. Bc5 Qd8 20. Bg2 $2 {#} (20. Ne7+
Rxe7 21. Qxd8+ Nxd8 22. Bxe7) 20... Be6 $11 21. f4 exf4 22. Nexf4 Rd7 23. Nxe6
fxe6 24. Rxf6 exd5 25. Rxc6 dxe4 26. Qb3+ Kh8 27. Bxe4 Rd2 28. Qf7 Bd4+ 29. Kh1
Bxc5 30. Rxc5 Rd1+ 31. Kg2 Rd2+ 32. Kh3 Qd4 33. Rc7 1-0

[Event "23. Copenhagen Open  (Politiken Cup)"]
[Site "Copenhagen"]
[Date "2001.07.18"]
[Round "3"]
[White "Lezcano Jaen, Pedro"]
[Black "Schmied, Andreas"]
[Result "1-0"]
[WhiteElo "2386"]
[BlackElo "2138"]
[PlyCount "139"]
[EventDate "2001.07.16"]
[EventType "swiss"]
[EventRounds "11"]
[EventCountry "DEN"]
[SourceDate "2004.01.01"]

1. c4 e6 2. g3 d5 3. Nf3 Nf6 4. Bg2 Be7 5. O-O O-O 6. d4 dxc4 7. Qc2 a6 8. a4
Bd7 9. Qxc4 Bc6 10. Nc3 b5 11. Qd3 b4 12. Nb1 Be4 13. Qd1 c5 14. Nbd2 Bd5 15.
dxc5 Bxc5 16. Nb3 Be7 17. Ne5 Qc7 18. Bxd5 Nxd5 19. Nd3 Nd7 20. e4 N5f6 21. Bf4
e5 22. Bg5 Rfc8 23. Qe2 h6 24. Bxf6 Nxf6 25. Rfc1 Qd6 26. Ndc5 Qc6 27. a5 Bxc5
28. Nxc5 Nd7 29. Nxd7 Qxd7 30. Rxc8+ Qxc8 31. Rd1 Qe6 32. Rd5 Rc8 33. Qd2 Rc4
34. Qd3 Rc6 35. Kg2 Kh7 36. h4 h5 37. Qd2 Qe7 38. Rd7 Qe6 39. Rd5 Qe7 40. Rd7
Qe6 41. Rb7 Qc4 42. Rxb4 Qc5 43. Rb7 Qc4 44. Qd5 Qxd5 45. exd5 Rd6 46. Rxf7
Rxd5 47. b4 Rb5 48. Ra7 Rxb4 49. Rxa6 Ra4 50. Kf3 Ra2 51. Ke3 Ra4 52. Ra8 Kg6
53. a6 Kf5 54. Kf3 Ra3+ 55. Kg2 Ra2 56. a7 Ke4 57. Kh3 Ra1 58. f3+ Ke3 59. Re8
Rxa7 60. Rxe5+ Kxf3 61. Rxh5 g6 62. Rh8 Rf7 63. Ra8 Ke4 64. Kg4 Ke5 65. Ra6 Rf6
66. Rxf6 Kxf6 67. Kf4 g5+ 68. hxg5+ Kg6 69. Kg4 Kg7 70. Kf5 1-0

[Event "23. Copenhagen Open  (Politiken Cup)"]
[Site "Copenhagen"]
[Date "2001.07.18"]
[Round "3"]
[White "Lie, Terje"]
[Black "Moller, Arne"]
[Result "0-1"]
[WhiteElo "1100"]
[BlackElo "1712"]
[PlyCount "118"]
[EventDate "2001.07.16"]
[EventType "swiss"]
[EventRounds "11"]
[EventCountry "DEN"]
[SourceDate "2004.01.01"]

1. d4 Nf6 2. c4 e6 3. Nc3 Bb4 4. Qb3 Bxc3+ 5. Qxc3 h6 6. f3 d5 7. cxd5 exd5 8.
e3 O-O 9. Bd3 Re8 10. Bd2 c6 11. Ne2 Nbd7 12. h4 Nf8 13. Nf4 Qc7 14. O-O-O Ne6
15. g4 Nxf4 16. exf4 Nh7 17. h5 Bd7 18. Rdg1 Kh8 19. g5 Re7 20. gxh6 gxh6 21.
f5 Ng5 22. f6 Ree8 23. Bg6 Rg8 24. Qd3 Qd6 25. f4 Ne4 26. f5 Qf8 27. Rg2 Bxf5
28. Qe3 Nxf6 29. Rhg1 Re8 30. Qf4 fxg6 31. hxg6 Bxg6 32. Rxg6 Rxg6 33. Rxg6 Nh7
34. Qxf8+ Rxf8 35. Rxh6 Rf7 36. Kc2 Kg7 37. Rh4 Nf6 38. Kb3 Ne4 39. Bh6+ Kg6
40. Rf4 Rxf4 41. Bxf4 Kf5 42. Be5 Ng5 43. Bb8 a6 44. Kb4 Ke4 45. Ba7 Ne6 46.
Ka5 Nxd4 47. Kb6 Nb5 48. Bb8 d4 49. Bg3 Kf3 50. Be1 Ke2 51. Bb4 d3 52. Kxb7 c5
53. Ba5 Nd6+ 54. Kxa6 Nc4 55. Bc3 Nxb2 56. Kb5 c4 57. a4 $11 Nxa4 58. Kxa4 d2
59. Bxd2 Kxd2 0-1

[Event "23. Copenhagen Open  (Politiken Cup)"]
[Site "Copenhagen"]
[Date "2001.07.18"]
[Round "3"]
[White "Lynge, Torben"]
[Black "Henrichsen, Jens"]
[Result "1/2-1/2"]
[WhiteElo "1701"]
[BlackElo "2069"]
[PlyCount "31"]
[EventDate "2001.07.16"]
[EventType "swiss"]
[EventRounds "11"]
[EventCountry "DEN"]
[SourceDate "2004.01.01"]

1. e4 c5 2. Nf3 e6 3. Bc4 Nc6 4. d4 cxd4 5. Nxd4 a6 6. Be3 Qc7 7. O-O Nf6 8.
Nc3 Be7 9. Nxc6 Qxc6 10. Bd3 d6 11. Qe2 O-O 12. Bg5 Qc5 13. Be3 Qc7 14. Kh1 b5
15. Bg5 Bb7 16. Rae1 1/2-1/2

[Event "23. Copenhagen Open  (Politiken Cup)"]
[Site "Copenhagen"]
[Date "2001.07.18"]
[Round "3"]
[White "Manley, Christian"]
[Black "Furu, Thormod"]
[Result "0-1"]
[WhiteElo "1360"]
[BlackElo "1775"]
[PlyCount "76"]
[EventDate "2001.07.16"]
[EventType "swiss"]
[EventRounds "11"]
[EventCountry "DEN"]
[SourceDate "2004.01.01"]

1. d4 d5 2. Bf4 Nf6 3. c4 c6 4. Nc3 a6 5. e3 Bf5 6. Be2 e6 7. Bg5 Be7 8. Bxf6
Bxf6 9. cxd5 exd5 10. Bd3 Bg6 11. Bxg6 hxg6 12. Nf3 Nd7 13. Qc2 O-O 14. h4 Re8
15. h5 g5 16. h6 g6 17. Ne2 c5 18. Qd2 Qb6 19. Rb1 g4 20. dxc5 Nxc5 21. Nh2 Ne4
22. Qd3 g3 23. Ng4 Nxf2 24. Nxf2 Rxe3 25. Qxd5 gxf2+ 26. Kf1 Re6 27. Qf3 Rae8
28. h7+ Kh8 29. b3 Rxe2 30. Qxe2 Rxe2 31. Kxe2 Qe6+ 32. Kxf2 Qf5+ 33. Ke3 Bg5+
34. Kd4 Bh6 35. Rbf1 Qd7+ 36. Ke4 Kxh7 37. Rh3 Qc6+ 38. Kd3 Qb5+ 0-1

[Event "23. Copenhagen Open  (Politiken Cup)"]
[Site "Copenhagen"]
[Date "2001.07.18"]
[Round "3"]
[White "Marder, Simon"]
[Black "Olsen, Miriam Frida"]
[Result "1-0"]
[WhiteElo "2058"]
[BlackElo "1604"]
[PlyCount "69"]
[EventDate "2001.07.16"]
[EventType "swiss"]
[EventRounds "11"]
[EventCountry "DEN"]
[SourceDate "2004.01.01"]

1. d4 b6 2. e4 Bb7 3. Nc3 e6 4. a3 Nf6 5. Bd3 d5 6. e5 Nfd7 7. Nce2 c5 8. c3
Nc6 9. b4 Be7 10. f4 f5 11. Nf3 Rc8 12. O-O O-O 13. Be3 c4 14. Bb1 b5 15. Kh1
a5 16. Rg1 axb4 17. axb4 Kf7 18. g4 g6 19. gxf5 gxf5 20. Ng3 Rg8 21. Bxf5 exf5
22. Nxf5 Rg6 23. Bf2 Qb6 24. Ne3 Nd8 25. f5 Rxg1+ 26. Qxg1 Qh6 27. Qg4 Qg7 28.
Qh5+ Kf8 29. Rg1 Qf7 30. Qh6+ Ke8 31. Rg3 Rc6 32. Qh3 Bc8 33. Qg2 Nf8 34. Rg7
Qh5 35. Nxd5 1-0

[Event "23. Copenhagen Open  (Politiken Cup)"]
[Site "Copenhagen"]
[Date "2001.07.18"]
[Round "3"]
[White "Mortensen, Erling"]
[Black "Rendboe, John Filip"]
[Result "1-0"]
[WhiteElo "2423"]
[BlackElo "2243"]
[PlyCount "89"]
[EventDate "2001.07.16"]
[EventType "swiss"]
[EventRounds "11"]
[EventCountry "DEN"]
[SourceDate "2004.01.01"]

1. e4 c5 2. Nf3 Nc6 3. Bb5 g6 4. c3 Nf6 5. Qe2 Bg7 6. O-O O-O 7. h3 Qb6 8. Na3
e5 9. d3 d6 10. Ba4 a6 11. Nc4 Qc7 12. Ne3 Ne7 13. Bb3 b5 14. Nh2 Bb7 15. Neg4
Nxg4 16. Nxg4 d5 17. f4 c4 18. dxc4 bxc4 19. Bd1 dxe4 20. fxe5 Nf5 21. Bf4 Rad8
22. Bc2 h5 23. Nf6+ Bxf6 24. exf6 Qb6+ 25. Kh2 e3 26. Rad1 Rxd1 27. Rxd1 Qxf6
28. Bxf5 Qxf5 29. Qxe3 Kh7 30. Rd4 Qc2 31. Qg3 Re8 32. Rd7 Be4 33. Rxf7+ Kg8
34. Rf6 Bf5 35. Be3 Qd3 36. Bd4 Qxg3+ 37. Kxg3 Re2 38. Kf3 Rxb2 39. g4 hxg4+
40. hxg4 Bd3 41. Rxa6 Kf7 42. a4 Rb7 43. a5 Ke8 44. Ra8+ Kd7 45. a6 1-0

[Event "23. Copenhagen Open  (Politiken Cup)"]
[Site "Copenhagen"]
[Date "2001.07.18"]
[Round "3"]
[White "Mortensen, Henrik"]
[Black "Skovgaard, Peter Nicolai"]
[Result "1-0"]
[WhiteElo "2075"]
[BlackElo "1688"]
[PlyCount "67"]
[EventDate "2001.07.16"]
[EventType "swiss"]
[EventRounds "11"]
[EventCountry "DEN"]
[SourceDate "2004.01.01"]

1. d4 d5 2. Nc3 c6 3. e4 dxe4 4. Nxe4 Bf5 5. Ng3 Bg6 6. Nf3 e6 7. h4 h6 8. h5
Bh7 9. Bd3 Bxd3 10. Qxd3 Bd6 11. Ne4 Nf6 12. Nxd6+ Qxd6 13. Bd2 O-O 14. O-O-O
Nbd7 15. Rh4 a5 16. g4 b5 17. g5 hxg5 18. Nxg5 Qd5 19. Kb1 Nb6 20. Rg1 Nc4 21.
Bc1 a4 22. Qg3 Nd6 23. Ne4 Nf5 24. Nxf6+ Kh8 25. Nxd5 Nxg3 26. Rxg3 exd5 27.
Rhg4 Rfe8 28. Rxg7 Re1 29. Rxf7 Rh1 30. Rf6 Rxh5 31. Rxc6 Re8 32. Rh6+ Rxh6 33.
Bxh6 Kh7 34. Be3 1-0

[Event "23. Copenhagen Open  (Politiken Cup)"]
[Site "Copenhagen"]
[Date "2001.07.18"]
[Round "3"]
[White "Molvig, Henrik"]
[Black "Westlund, Mikael"]
[Result "1-0"]
[WhiteElo "2213"]
[BlackElo "1996"]
[PlyCount "121"]
[EventDate "2001.07.16"]
[EventType "swiss"]
[EventRounds "11"]
[EventCountry "DEN"]
[SourceDate "2004.01.01"]

1. d4 Nf6 2. c4 g6 3. Nc3 Bg7 4. e4 d6 5. Nf3 O-O 6. Be2 e5 7. O-O Nc6 8. d5
Ne7 9. Ne1 Ne8 10. Be3 f5 11. f3 f4 12. Bf2 g5 13. c5 Bd7 14. a4 h5 15. cxd6
Nxd6 16. a5 Rf6 17. Kh1 Qc8 18. Nd3 Ng6 19. Nc5 Nf8 20. Nxd7 Nxd7 21. Rc1 a6
22. b4 Qd8 23. Qc2 Rc8 24. b5 axb5 25. Nxb5 Nxb5 26. Bxb5 Bf8 27. Qb3 Bd6 28.
Bxd7 Qxd7 29. Qxb7 Rff8 30. Qc6 Qxc6 31. Rxc6 Ra8 32. a6 Rfb8 33. Ra1 Rb2 34.
Kg1 Kf7 35. a7 Ke8 36. Rcc1 Kd7 37. Rcb1 Rxb1+ 38. Rxb1 c5 39. dxc6+ Kxc6 40.
Kf1 g4 41. h3 g3 42. Bg1 Bc7 43. Ke2 Rd8 44. Rd1 Rc8 45. Kd3 Kb7 46. Ra1 Ka8
47. Ra2 Rd8+ 48. Kc4 Rd1 49. Bc5 Bd6 50. Bb6 Rb1 51. Bd8 Rd1 52. Kb5 Bb4 53.
Bb6 Be1 54. Rc2 Rb1+ 55. Kc6 Bf2 56. Bxf2 gxf2 57. Rxf2 Kxa7 58. Kd6 Rb5 59.
Rc2 Kb6 60. Rc6+ Kb7 61. Rc7+ 1-0

[Event "23. Copenhagen Open  (Politiken Cup)"]
[Site "Copenhagen"]
[Date "2001.07.18"]
[Round "3"]
[White "Nicolaisen, Erik"]
[Black "Kjar, Peter Sigsgaard"]
[Result "1/2-1/2"]
[WhiteElo "2015"]
[BlackElo "1573"]
[PlyCount "51"]
[EventDate "2001.07.16"]
[EventType "swiss"]
[EventRounds "11"]
[EventCountry "DEN"]
[SourceDate "2004.01.01"]

1. e4 e5 2. Nf3 Nc6 3. Nc3 Bc5 4. Nxe5 Bxf2+ 5. Kxf2 Nxe5 6. d4 Ng6 7. Be2 Qf6+
8. Kg1 N8e7 9. Be3 a6 10. Qd2 d6 11. Rf1 Qe6 12. d5 Qd7 13. h3 Ne5 14. Kh2 O-O
15. Rf2 N7g6 16. Rhf1 Qe7 17. Bg5 f6 18. Be3 Bd7 19. Bd3 Rad8 20. Ne2 c5 21. c4
b5 22. b3 b4 23. Ng3 a5 24. Be2 a4 25. Nf5 Bxf5 26. exf5 1/2-1/2

[Event "23. Copenhagen Open  (Politiken Cup)"]
[Site "Copenhagen"]
[Date "2001.07.18"]
[Round "3"]
[White "Nielsen, Frode Benedikt"]
[Black "McShane, Rod"]
[Result "0-1"]
[WhiteElo "1834"]
[BlackElo "1400"]
[PlyCount "106"]
[EventDate "2001.07.16"]
[EventType "swiss"]
[EventRounds "11"]
[EventCountry "DEN"]
[SourceDate "2004.01.01"]

1. e4 c5 2. Nc3 Nc6 3. d3 Nf6 4. f4 d6 5. Nf3 g6 6. h3 Bg7 7. Be3 O-O 8. g4 d5
9. Bxc5 dxe4 10. dxe4 Qa5 11. e5 Qxc5 12. exf6 Bxf6 13. Qd2 Rd8 14. Bd3 Nd4 15.
Nxd4 Bxd4 {#} 16. O-O-O $4 Be3 17. Ne4 Bxd2+ 18. Rxd2 Qe3 19. Rf1 Qxh3 20. Rg1
Bxg4 21. Nf2 Qe3 22. Rxg4 Rd4 23. Nd1 Qh3 24. Nf2 Qe3 25. Nd1 Qh3 26. Nf2 Qh6
27. Rg1 Qf8 28. f5 Rd6 29. Ne4 Rb6 30. Rh2 Qg7 31. c3 Rd8 32. Bc2 Qe5 33. Rf2
Rd5 34. Nd2 Qe3 35. fxg6 hxg6 36. Rgf1 f5 37. Bb3 Rxb3 38. axb3 e5 39. Rg2 Kf7
40. Rf3 Qe1+ 41. Kc2 e4 42. Rf1 Rxd2+ 43. Rxd2 Qxf1 44. Rd7+ Kf6 45. Rxb7 Qd3+
46. Kc1 a6 47. Rb6+ Kg5 48. Rb4 Qf1+ 49. Kd2 Qf2+ 50. Kd1 e3 51. Rd4 e2+ 52.
Kc2 e1=Q+ 53. Kd3 Qfe2# 0-1

[Event "23. Copenhagen Open  (Politiken Cup)"]
[Site "Copenhagen"]
[Date "2001.07.18"]
[Round "3"]
[White "Nielsen, Henrik Lindholt"]
[Black "Brondum, Eric"]
[Result "1/2-1/2"]
[WhiteElo "2005"]
[BlackElo "2224"]
[PlyCount "36"]
[EventDate "2001.07.16"]
[EventType "swiss"]
[EventRounds "11"]
[EventCountry "DEN"]
[SourceDate "2004.01.01"]

1. d4 Nf6 2. Nf3 g6 3. c4 Bg7 4. Nc3 d6 5. g3 O-O 6. Bg2 Nc6 7. O-O a6 8. d5
Na5 9. Nd2 c5 10. Qc2 Rb8 11. Rb1 b5 12. b3 Bh6 13. f4 Ng4 14. Nd1 bxc4 15.
bxc4 Rxb1 16. Qxb1 Bg7 17. h3 Nh6 18. Bb2 Qb6 1/2-1/2

[Event "23. Copenhagen Open  (Politiken Cup)"]
[Site "Copenhagen"]
[Date "2001.07.18"]
[Round "3"]
[White "Nielsen, Jan Mose"]
[Black "Andersen, Matias Lolk"]
[Result "1-0"]
[WhiteElo "2054"]
[BlackElo "1146"]
[PlyCount "65"]
[EventDate "2001.07.16"]
[EventType "swiss"]
[EventRounds "11"]
[EventCountry "DEN"]
[SourceDate "2004.01.01"]

1. d4 d5 2. Bf4 Nf6 3. e3 Bf5 4. Be2 e6 5. Nd2 Bd6 6. c3 Bxf4 7. exf4 Nbd7 8.
g4 Bg6 9. h4 h6 10. h5 Bh7 11. Nh3 Rg8 12. g5 Ne4 13. Rg1 Bf5 14. Bg4 Bxg4 15.
Rxg4 Nxd2 16. Qxd2 Ke7 17. O-O-O hxg5 18. fxg5 f6 19. Qe3 f5 20. Rh4 Qe8 21.
Nf4 Nf8 22. Nxd5+ Kd7 23. Nb4 Rh8 24. Qe5 Qf7 25. d5 Ke8 26. dxe6 Nxe6 27. Nd5
Kf8 28. g6 Qd7 29. Nxc7 Qxc7 30. Qxf5+ Ke8 31. Qxe6+ Qe7 32. Qf5 Rf8 33. Qb5+
1-0

[Event "23. Copenhagen Open  (Politiken Cup)"]
[Site "Copenhagen"]
[Date "2001.07.18"]
[Round "3"]
[White "Nielsen, Michael"]
[Black "Christensen, Esben"]
[Result "0-1"]
[WhiteElo "1789"]
[BlackElo "2115"]
[PlyCount "46"]
[EventDate "2001.07.16"]
[EventType "swiss"]
[EventRounds "11"]
[EventCountry "DEN"]
[SourceDate "2004.01.01"]

1. e4 c5 2. Nf3 e6 3. d4 cxd4 4. Nxd4 Nf6 5. Nc3 Bb4 6. e5 Ne4 7. Bd2 Nxd2 8.
Qxd2 a6 9. Bd3 Qc7 10. f4 Bxc3 11. bxc3 O-O 12. O-O d6 13. Nf3 dxe5 14. fxe5
Nd7 15. Qe1 f5 16. exf6 Nxf6 17. Nd4 e5 18. Nf5 Qc5+ 19. Kh1 e4 20. g4 exd3 21.
cxd3 Bxf5 22. gxf5 Qd5+ 23. Kg1 Rae8 0-1

[Event "23. Copenhagen Open  (Politiken Cup)"]
[Site "Copenhagen"]
[Date "2001.07.18"]
[Round "3"]
[White "Nielsen, Nicholas Roland"]
[Black "Schmidt, Horst Hubert"]
[Result "1-0"]
[WhiteElo "2065"]
[BlackElo "1674"]
[PlyCount "107"]
[EventDate "2001.07.16"]
[EventType "swiss"]
[EventRounds "11"]
[EventCountry "DEN"]
[SourceDate "2004.01.01"]

1. e4 d6 2. d4 Nf6 3. Nc3 Nc6 4. f4 Bg4 5. Be2 Bxe2 6. Ngxe2 e5 7. O-O Qd7 8.
d5 Ne7 9. Qd3 Ng6 10. f5 Ne7 11. Nd1 c6 12. c4 Qc7 13. Ne3 Nd7 14. b4 Ng8 15.
Bd2 Be7 16. Kh1 Bg5 17. Rac1 c5 18. a3 Ngf6 19. Nc3 a6 20. Rf3 Rc8 21. b5 Rb8
22. Na4 Bxe3 23. Rxe3 b6 24. bxa6 Qa7 25. Nc3 Ke7 26. Nb5 Qxa6 27. Qc2 Rhc8 28.
a4 Ra8 29. Ra1 Qb7 30. Rea3 Ra6 31. g4 Nxg4 32. Rg3 Ndf6 33. Bg5 h6 34. Bxf6+
Nxf6 35. Rxg7 Qd7 36. Qg2 Rf8 37. Nc3 Raa8 38. Qg6 Ne8 39. Rh7 Nf6 40. Rg7 Ne8
41. f6+ Kd8 42. Qxh6 Nxg7 43. fxg7 Rg8 44. Nb5 Kc8 45. Nxd6+ Kc7 46. Rf1 f6 47.
Rxf6 Rxg7 48. Nb5+ Kb7 49. Rxb6+ Kc8 50. Qh8+ Qd8 51. Nd6+ Kc7 52. Rc6+ Kd7 53.
Qxg7+ Qe7 54. Rc7+ 1-0

[Event "23. Copenhagen Open  (Politiken Cup)"]
[Site "Copenhagen"]
[Date "2001.07.18"]
[Round "3"]
[White "Nielsen, Thomas"]
[Black "Tandrup, Michael"]
[Result "1-0"]
[WhiteElo "2025"]
[BlackElo "1795"]
[PlyCount "67"]
[EventDate "2001.07.16"]
[EventType "swiss"]
[EventRounds "11"]
[EventCountry "DEN"]
[SourceDate "2004.01.01"]

1. d4 Nf6 2. c4 e6 3. Nc3 Bb4 4. Nf3 b6 5. e3 Bb7 6. Bd3 O-O 7. a3 Bxc3+ 8.
bxc3 Ne4 9. Qc2 f5 10. h4 d6 11. Bb2 Nd7 12. O-O-O c5 13. Qe2 d5 14. Bxe4 dxe4
15. Ng5 Qe7 16. d5 exd5 17. cxd5 Ne5 18. c4 Nd3+ 19. Rxd3 exd3 20. Qxd3 Rad8
21. Qc3 Bc8 22. Rd1 Rd6 23. f4 h6 24. Nf3 Rg6 25. Rd2 Qe4 26. d6 Ba6 27. d7 Rd8
28. h5 Rg3 29. Nh4 Qxc4 30. Qxc4+ Bxc4 31. Nxf5 Rg4 32. Ne7+ Kf7 33. Nc6 Ra8
34. Ne5+ {time} 1-0

[Event "23. Copenhagen Open  (Politiken Cup)"]
[Site "Copenhagen"]
[Date "2001.07.18"]
[Round "3"]
[White "Nielsen, Torben"]
[Black "Jorgensen, Orla Eilegaard"]
[Result "1-0"]
[WhiteElo "1840"]
[BlackElo "1403"]
[PlyCount "49"]
[EventDate "2001.07.16"]
[EventType "swiss"]
[EventRounds "11"]
[EventCountry "DEN"]
[SourceDate "2004.01.01"]

1. d4 Nf6 2. c4 e5 3. dxe5 Ng4 4. e4 Nxf2 5. Kxf2 Qh4+ 6. g3 Qxe4 7. Be3 Qxh1
8. Nf3 d6 9. Qc2 Bg4 10. Bg2 Bf5 11. Qd2 Qxb1 12. Rxb1 Bxb1 13. exd6 Bxd6 14.
Bd4 O-O 15. c5 Bxg3+ 16. hxg3 Bxa2 17. Qc2 Be6 18. Ng5 g6 19. Bxb7 Nd7 20. Bxa8
Rxa8 21. Qe4 Re8 22. c6 f5 23. cxd7 Bxd7 24. Qd5+ Kf8 25. Qf7# 1-0

[Event "23. Copenhagen Open  (Politiken Cup)"]
[Site "Copenhagen"]
[Date "2001.07.18"]
[Round "3"]
[White "Nilssen, John Arni"]
[Black "Laursen, Niels Norskov"]
[Result "1-0"]
[WhiteElo "2333"]
[BlackElo "2107"]
[PlyCount "55"]
[EventDate "2001.07.16"]
[EventType "swiss"]
[EventRounds "11"]
[EventCountry "DEN"]
[SourceDate "2004.01.01"]

1. d4 Nf6 2. c4 e6 3. Nc3 Bb4 4. g3 O-O 5. Bg2 c5 6. Nf3 cxd4 7. Nxd4 d5 8.
cxd5 Nxd5 9. Qb3 Qb6 10. Bxd5 exd5 11. Be3 Nc6 12. Nxc6 Qxc6 13. Qxb4 d4 14. f3
dxe3 15. O-O Be6 16. Qd4 Qb6 17. Qxb6 axb6 18. Rfd1 Rfd8 19. Kf1 Rd2 20. Rxd2
exd2 21. Rd1 Bxa2 22. Rxd2 Be6 23. Rd6 Rc8 24. Rxb6 Rc7 25. Kf2 Kf8 26. h4 Ke8
27. Nb5 Rc2 28. Rxb7 1-0

[Event "23. Copenhagen Open  (Politiken Cup)"]
[Site "Copenhagen"]
[Date "2001.07.18"]
[Round "3"]
[White "Pedersen, Kaj Vinding"]
[Black "Olesen, Michael Bonding"]
[Result "1/2-1/2"]
[WhiteElo "1549"]
[BlackElo "1891"]
[PlyCount "61"]
[EventDate "2001.07.16"]
[EventType "swiss"]
[EventRounds "11"]
[EventCountry "DEN"]
[SourceDate "2004.01.01"]

1. d4 c5 2. c3 cxd4 3. cxd4 Nf6 4. Nf3 g6 5. Nc3 d5 6. Bf4 a6 7. e3 Bg7 8. h3
O-O 9. Rc1 Nc6 10. Bd3 e6 11. O-O Ne8 12. a3 Nd6 13. Ne5 Nxe5 14. Bxe5 f6 15.
Bh2 b5 16. f4 f5 17. Qf3 Bb7 18. g4 Rc8 19. Bg3 Ne4 20. Bxe4 dxe4 21. Qd1 Rf7
22. Rf2 Rfc7 23. Rfc2 Bd5 24. Nxd5 exd5 25. Be1 Qd7 26. g5 Rc4 27. b3 R4c6 28.
Bb4 Qb7 29. Rxc6 Rxc6 30. Rxc6 Qxc6 31. Bc5 1/2-1/2

[Event "23. Copenhagen Open  (Politiken Cup)"]
[Site "Copenhagen"]
[Date "2001.07.18"]
[Round "3"]
[White "Pedersen, Steffen"]
[Black "Hoff, Terje"]
[Result "1-0"]
[WhiteElo "2453"]
[BlackElo "2038"]
[PlyCount "73"]
[EventDate "2001.07.16"]
[EventType "swiss"]
[EventRounds "11"]
[EventCountry "DEN"]
[SourceDate "2004.01.01"]

1. d4 Nf6 2. c4 c5 3. d5 b5 4. cxb5 a6 5. bxa6 Bxa6 6. Nc3 g6 7. g3 Bg7 8. Bg2
d6 9. Nf3 O-O 10. O-O Ng4 11. Qc2 Nd7 12. Re1 Qb6 13. h3 Nge5 14. Nd2 f5 15. f4
c4+ 16. Kh2 Nf7 17. Nf3 Nf6 18. e3 Nd7 19. Nd4 Nc5 20. Ne6 Nd3 21. Re2 Rfc8 22.
Nxg7 Kxg7 23. e4 fxe4 24. Be3 Qa5 25. Bd4+ Kg8 26. Rxe4 Rab8 27. Rxe7 Rxb2 28.
Qd1 Kf8 29. Ra7 Rb7 30. Rxb7 Bxb7 31. Rb1 Ba6 32. Qg4 Qd8 33. Ne4 Nh6 34. Qe6
Nf5 35. Nf6 Nxd4 36. Qg8+ Ke7 37. Qg7# 1-0

[Event "23. Copenhagen Open  (Politiken Cup)"]
[Site "Copenhagen"]
[Date "2001.07.18"]
[Round "3"]
[White "Petersen, Nils"]
[Black "Hau, Helge"]
[Result "1-0"]
[WhiteElo "2050"]
[BlackElo "1525"]
[PlyCount "87"]
[EventDate "2001.07.16"]
[EventType "swiss"]
[EventRounds "11"]
[EventCountry "DEN"]
[SourceDate "2004.01.01"]

1. c4 f5 2. Nc3 Nf6 3. d4 e6 4. g3 c6 5. Bg2 d5 6. b3 Ne4 7. Nxe4 fxe4 8. f3
Bb4+ 9. Bd2 Bxd2+ 10. Qxd2 exf3 11. Nxf3 O-O 12. O-O Nd7 13. c5 b6 14. b4 Ba6
15. Ng5 Qe7 16. Bh3 Rxf1+ 17. Rxf1 Nf8 18. Rf7 Qe8 19. Qf4 h6 20. Qe5 Qxf7 21.
Nxf7 Kxf7 22. Qc7+ Kf6 23. Qxc6 Rc8 24. Qd6 bxc5 25. dxc5 Bxe2 26. c6 g5 27. c7
Ba6 28. Qxa6 Rxc7 29. Qd6 Re7 30. a4 h5 31. b5 Rf7 32. a5 g4 33. Bf1 Nd7 34. b6
axb6 35. axb6 Ne5 36. Qc7 Nf3+ 37. Kf2 Rf8 38. Qf4+ Ke7 39. Qxf8+ Kxf8 40. b7
e5 41. b8=Q+ Kf7 42. Bg2 e4 43. Bxf3 gxf3 44. Qe5 1-0

[Event "23. Copenhagen Open  (Politiken Cup)"]
[Site "Copenhagen"]
[Date "2001.07.18"]
[Round "3"]
[White "Petersen, Peter Birk"]
[Black "Palo, Davor"]
[Result "0-1"]
[WhiteElo "2230"]
[BlackElo "2325"]
[PlyCount "132"]
[EventDate "2001.07.16"]
[EventType "swiss"]
[EventRounds "11"]
[EventCountry "DEN"]
[SourceDate "2004.01.01"]

1. e4 c5 2. Nf3 Nc6 3. d4 cxd4 4. Nxd4 d6 5. Nc3 e6 6. Be2 Nf6 7. O-O Be7 8.
Be3 O-O 9. f4 a6 10. Kh1 Qc7 11. Bd3 Nxd4 12. Bxd4 e5 13. Be3 exf4 14. Rxf4 Be6
15. Bd4 Nd7 16. Nd5 Bxd5 17. exd5 g6 18. c4 Ne5 19. Rf1 f5 20. Rc1 Bg5 21. Rc2
b6 22. b4 Ng4 23. Re2 Bf6 24. Bxf6 Rxf6 25. Qc2 a5 26. a3 axb4 27. axb4 Rff8
28. h3 Ne5 29. Qb3 Rae8 30. Rc2 Nd7 31. Re2 Rxe2 32. Bxe2 Qd8 33. Ra1 Qh4 34.
c5 bxc5 35. Bb5 Ne5 36. bxc5 f4 37. cxd6 f3 38. Qe3 Qg3 39. Qg1 f2 40. Qh2 Qe3
41. Rf1 Nd3 42. d7 Nf4 43. d6 g5 44. h4 Nh5 45. Qh3 Ng3+ 46. Kh2 Nxf1+ 47. Bxf1
Qxh3+ 48. Kxh3 h6 49. hxg5 hxg5 50. Kg3 Rd8 51. Kxf2 Rxd7 52. Kg3 Kg7 53. Be2
Rxd6 54. Bf3 Kf6 55. Bb7 Rd4 56. Bc8 Rc4 57. Bd7 Rc7 58. Bb5 Rb7 59. Be2 Rb3+
60. Kg4 Rb2 61. Bf3 Rb4+ 62. Kg3 Kf5 63. Bd5 Rd4 64. Bb7 Rd3+ 65. Kh2 Kf4 66.
Bc8 g4 0-1

[Event "23. Copenhagen Open  (Politiken Cup)"]
[Site "Copenhagen"]
[Date "2001.07.18"]
[Round "3"]
[White "Preuss, Flemming"]
[Black "Jensen, Dan Bronnum"]
[Result "1-0"]
[WhiteElo "2062"]
[BlackElo "1324"]
[PlyCount "27"]
[EventDate "2001.07.16"]
[EventType "swiss"]
[EventRounds "11"]
[EventCountry "DEN"]
[SourceDate "2004.01.01"]

1. f4 e5 2. e4 Nc6 3. Nf3 d6 4. Bb5 Bd7 5. d3 a6 6. Bc4 Be7 7. O-O exf4 8. Bxf4
Bf6 9. c3 b5 10. Bb3 b4 11. d4 g5 12. Nxg5 Bxg5 13. Qh5 Qe7 14. Bxg5 1-0

[Event "23. Copenhagen Open  (Politiken Cup)"]
[Site "Copenhagen"]
[Date "2001.07.18"]
[Round "3"]
[White "Rasmussen, Henning"]
[Black "Greisen, Flemming Dahl"]
[Result "1-0"]
[WhiteElo "1925"]
[BlackElo "1425"]
[PlyCount "95"]
[EventDate "2001.07.16"]
[EventType "swiss"]
[EventRounds "11"]
[EventCountry "DEN"]
[SourceDate "2004.01.01"]

1. d4 d5 2. Nf3 Bg4 3. Ne5 Bd7 4. e3 Nc6 5. Nxd7 Qxd7 6. c4 e6 7. Nc3 Bb4 8.
Bd2 Nf6 9. Be2 Bxc3 10. Bxc3 Ne4 11. Rc1 Nxc3 12. Rxc3 O-O 13. O-O a5 14. cxd5
exd5 15. Qa4 Qd6 16. Rc5 Ne7 17. Rxa5 Rxa5 18. Qxa5 Nc8 19. Rc1 c6 20. Qc5 Rd8
21. Qxd6 Rxd6 22. Kf1 Na7 23. Ke1 Kf8 24. Kd2 Ke7 25. Rc3 Rd7 26. Ra3 b5 27.
Rc3 Rb7 28. a3 Kd6 29. Bd3 h6 30. e4 f6 31. f4 dxe4 32. Bxe4 Re7 33. Bf3 g6 34.
Re3 Rxe3 35. Kxe3 h5 36. g3 f5 37. b3 Nc8 38. Kd3 Nb6 39. Kc3 Nd7 40. a4 c5 41.
a5 Kc7 42. dxc5 Nxc5 43. Bd5 Kd6 44. Kd4 Nd3 45. Kxd3 Kxd5 46. b4 Kd6 47. Kd4
Kc6 48. Ke5 1-0